| 000 | 00311 a2200109 4500 | ||
|---|---|---|---|
| 082 | _a930.1 FAG | ||
| 100 | _aFagan,Brain M. | ||
| 245 |
_aIn the Beginning: an introduction to archaeology / _cBrain M.Fagan |
||
| 250 | _a7th.ed. | ||
| 260 |
_aIslamabad : _cNational Book Foundation, |
||
| 300 |
_a598p. : _bill. ; _c25cm |
||
| 650 | _aArchaeology | ||
| 999 |
_c1865 _d1865 |
||